Normal view
MARC view
- Bhagwat Chittranjan
Entry Personal Name
001 - CONTROL NUMBER
- control field: 213664
003 - CONTROL NUMBER IDENTIFIER
- control field: OSt
005 - DATE AND TIME OF LATEST TRANSACTION
- control field: 20251009132904.0
008 - FIXED-LENGTH DATA ELEMENTS
- fixed length control field: 251009|| aca||aabn | a|a d
040 ## - CATALOGING SOURCE
- Original cataloging agency: OSt
- Transcribing agency: OSt
100 ## - HEADING--PERSONAL NAME
- Personal name: Bhagwat Chittranjan
670 ## - SOURCE DATA FOUND
- Source citation: Work cat.: (OSt)367921: Sapre Sadanand Damodar 213663, Pratyek Rashtrabhaktache Swapna Akhand Bharat, 1999